| 000 | 00536nam a2200217Ia 4500 | ||
|---|---|---|---|
| 005 | 20250425162650.0 | ||
| 008 | 250425s9999 xx 000 0 und d | ||
| 020 | _a0123504309 | ||
| 041 | _aeng | ||
| 082 | _a597.016 | ||
| 245 | 0 | _aFISH PHYSIOLOGY: GILLS LON AND WATER TRANSFER | |
| 250 | _aS.E | ||
| 260 |
_aEstados Unidos _bACADEMIC PRESS _c1984 |
||
| 260 | _aNEW YORK | ||
| 300 | _a456 | ||
| 650 | _aPECES-REPRODUCCION | ||
| 650 | _aPECES-REPRODUCCION | ||
| 650 | _aPECES-REPRODUCCION | ||
| 942 | _c01 | ||
| 010 | _a95233 | ||
| 999 |
_c233927 _d233927 |
||